000
00214 a2200097 4500
001
35924
100
_a
Yoshikawa H
245
_a
Design Theory for CAD
260
_a
North Hol
_b
Amsterdam
_c
090
_c
23474
_d
23474
942
_a
NUST-CAE
_c
M
_c
14974
999
_c
270997
_d
270997